000 01333nam a22002297a 4500
999 _c57332
_d57332
003 Ge_BSU
005 20200525122522.0
008 200525s2016 xxu||||| |||| 00| 0 geo d
020 _a9789941947766
041 _ageo
080 _a341.9(479.22) მ-66
100 _aმიგრიაული, როინ
_91056
245 _aქართული კერძო სამართლის საკითხები :
_bგამოქვეყნებული სამეცნიერო სტატიები და სხვა პუბლიკაციები /
_cროინ მიგრიაული.
250 _aმე-2 შევსებული გამოცემა
264 _aთბილისი :
_bიურისტების სამყარო,
_c2016.
300 _a276 გვ. ;
_c20 სმ.
504 _aბიბლიოგრ. ტექსტის შენიშვნებში
546 _aდამატებითი სატიტულო გვერდი ინგლ. ენაზე.1 სტატია რუს. ენაზე და 1 სტატია ინგლ. ენაზე
653 _aსაქართველოს კერძო სამართალი
653 _aსამართალი
942 _2udc
_cBK